000
00294nam a22001337a 4500
999
_c
55054
_d
55054
008
200205b ||||| |||| 00| 0 eng d
041
_a
eng
080
_2
615.83
_a
615.83
082
_a
615.83
100
_a
8
101
_a
EGZ
245
_a
Fjalori i Volejbollit
_c
Tahiraj,E
942
_2
udc
_c
BK